Complejidad, la encrucijada del pensamiento
Збережено в:
| Формат: | Книга |
|---|---|
| Мова: | Spanish |
| Опубліковано: |
México, Distrito Federal
Universidad de Guanajuato
2012
|
| Предмети: | |
| Теги: |
Додати тег
Немає тегів, Будьте першим, хто поставить тег для цього запису!
|
MARC
| LEADER | 00000nam a22000007a 4500 | ||
|---|---|---|---|
| 008 | 180627b xxu||||| |||| 00| 0 spa d | ||
| 040 | |a cru BVZT | ||
| 090 | |a 100 C-34.1c | ||
| 245 | |a Complejidad, la encrucijada del pensamiento |c Javier Corona Fernández, Rodolfo Cortés del Moral, coordinadores | ||
| 260 | |a México, Distrito Federal |b Universidad de Guanajuato |c 2012 | ||
| 300 | |a 259 páginas | ||
| 650 | |a FILOSOFÍA |9 5 | ||
| 650 | |a PENSAMIENTO COMPLETO | ||
| 650 | |a KARL MARX | ||
| 650 | |a ONTOLOGÍA DIALÉCTICA | ||
| 650 | |a GASTÓN BACHELARD | ||
| 650 | |a BIOTECNOLOGÍA APLICADA - MOLÉCULAS BACTERIANAS | ||
| 650 | |a NANOTECNOLOGÍA - SIGLO XXI | ||
| 650 | |a NANOMEDICINA | ||
| 650 | |a CIENCIAS COGNITIVAS | ||
| 999 | |c 30541 |d 30541 | ||
| 942 | |c LIB |h 100 C-34.1c |2 z | ||
